AutoCAD Release 14. : Průvodce uživatele. /
Uložené v:
| Hlavný autor: | |
|---|---|
| Médium: | Kniha |
| Jazyk: | Czech |
| Vydané: |
Brno :
CCB, vydavatelství výpočetní techniky,
1998
|
| Vydanie: | 1. vyd. |
| Témy: | |
| ISBN: |
8085825295 (brož.) |
| Fyzický popis: |
341 s. |
| Tagy: |
Pridať tag
Žiadne tagy, Buďte prvý kto otaguje tento záznam!
|
Titul je dostupný aj v ... 

MARC
| LEADER | 00000nam a2200000 a 4500 | ||
|---|---|---|---|
| 001 | 000052021 | ||
| 003 | SVKK | ||
| 005 | 19990906000000.0 | ||
| 008 | 980708s1998 cs e czeo | ||
| 020 | |a 8085825295 (brož.) | ||
| 040 | |a SVKKK |b slo |c SVKKK |e AACR2 | ||
| 041 | 0 | |a cze | |
| 044 | |a cs |c CS | ||
| 080 | |a 681.3.066 AutoCAD R 14 |2 1997 | ||
| 100 | 1 | |a Bašta, Zdeněk |4 aut | |
| 245 | 1 | 0 | |a AutoCAD Release 14. : |b Průvodce uživatele. / |c Zdeněk Bašta |
| 250 | |a 1. vyd. | ||
| 260 | |a Brno : |b CCB, vydavatelství výpočetní techniky, |c 1998 | ||
| 300 | |a 341 s. | ||
| 653 | 0 | |a AutoCAD R 14 (program počítač.) |2 SVKKKPH | |
| 653 | 0 | |a programy počítačové |2 SVKKKPH | |
| 653 | 0 | |a príručky |2 SVKKKPH | |
| 655 | 7 | |a príručky |2 SVKKKPH | |
| 910 | |a svkkk | ||
| 919 | |a 80-85825-29-5 | ||
| 974 | |a UH |d 19990824 | ||
| 974 | |a KL |d 19990810 | ||
| 974 | |a MI |d 19990906 | ||
| 998 | |a BK | ||
| 090 | |g SCKHL |k Sklad Pribinova prízemie |a IV.178524 |j 918673 |i 2720046516 |s Absenčne | ||
| 090 | |g SCKHL |k Sklad Pribinova prízemie |a IV.180613 |j 926005 |i 2720042002 |s Absenčne | ||